Statistics for Tudor Quiz 1485-1603

Click here to take the quiz!

General Stats

  • This quiz has been taken 550 times
  • The average score is 11 of 15

Answer Stats

HintAnswer% Correct
Henry VII's daughter were called Mary & Julietta or Margaret & Mary?Margaret & Mary
93%
He married Elizabeth of......?York
93%
Prince Arthur was betrothed to Catherine of...?Aragon
92%
Henry VII's oldest son and first born was called?Arthur
89%
When Henry VIII ascended the throne who was his first wife?Catherine of Aragon
87%
Elizabeth of York died from child-bed fever or tuberculosis?Child-bed fever
81%
Henry VII defeated who to claim the Throne of England?Richard III
81%
Henry VIII fell passionately in love with whom in the late 1520's?Anne Boleyn
79%
Henry VII ascended the throne of England in which year?1485
75%
Anne Boleyn's sister, and mistress of the King, was named...?Mary
71%
Henry VIII died in what year...?1547
62%
Henry VII's second son Henry was born what year?1491
60%
Henry VII's mother is?Margaret Beaufort
46%
Mary Tudor married the Duke of Suffolk. His first name was?Charles
43%
Henry VII's father is?Owen Tudor
25%

Score Distribution

Percentile by Number Answered

Percent of People with Each Score

Your Score History

You have not taken this quiz